=LDR 00000nam 2200000 4500 =001 INLIS000000000011261 =005 20130612102837 =008 ***********************************Ind** =035 ##$$0010-061300000011261 =041 ##$$a Ind =082 ##$$a 959.823 3 =090 ##$$a 959.823, Pur k =100 ##$$a Purwokusumo, Sudorisman =245 ##$$a kesultanan Yogyakarta, Soedarisman Poerwokoesoemo =260 ##$$a 1985 $b Yogyakarta =300 ##$$a XII,117 hlm, 21 cm =650 ##$$a Sejarah- Kesultanan yogya =850 ##$$a NBPNMAT